| 000 | 00000nam##2200000za#4500 |
| 001 | 9.642955 |
| 003 | CaOODSP |
| 005 | 20210624223940 |
| 007 | cr ||||||||||| |
| 008 | 150407|2008||||xxc|||||o f|0| 0 fre|d |
| 040 | |aCaOODSP|bfre |
| 043 | |an-cn--- |
| 086 | 1 |aH82-16/2008F-PDF |
| 110 | 1 |aCanada. |bConseil d'examen du prix des médicaments brevetés. |
| 245 | 10|aGuide du breveté : |h[ressource électronique]|bexplications sur la façon de remplir les formulaires de rapport 1, 2 et 3 en application du Règlement sur les médicaments brevetés |
| 260 | |aOttawa - Ontario : |bConseil d'examen du prix des médicaments brevetés |cNovembre 2008. |
| 300 | |a40p.|btableaux |
| 590 | |a14-05-Supp|b2014-02-26 |
| 691 | 07|aBrevet|2gcpds |
| 691 | 07|aMédicament|2gcpds |
| 775 | 08|tPatentee's guide to reporting : |w(CaOODSP)9.698958 |
| 856 | 40|ahttp://publications.gc.ca|qPDF|s712 Ko|uhttps://publications.gc.ca/collections/collection_2014/cepmb-pmprb/H82-16-2008-fra.pdf |